| 000 | 00711cam a22002291 4500 | ||
|---|---|---|---|
| 001 | sa 63001101 | ||
| 003 | DLC | ||
| 005 | 20260227111925.0 | ||
| 008 | 720718s1962 xx 000 0 eng | ||
| 010 | _asa 63001101 | ||
| 035 | _a(OCoLC)358786 | ||
| 040 |
_aDLC _cOClU _dOCoLC _dDLC |
||
| 042 | _apremarc | ||
| 050 | 0 | 0 |
_aHD879.M3 _bM8 |
| 100 | 1 | _aMukherjee, Nilmani. | |
| 245 | 1 | 4 |
_aThe ryotwari system in Madras, 1792-1827. _cWith foreword by N. K. Sinha. |
| 260 |
_aCalcutta, _bFirma K. L. Mukhopadhyay, _c1962. |
||
| 300 |
_a397p. _c23cm. |
||
| 500 | _a"This dissertation...earned...[the author] his doctorate degree." | ||
| 504 | _aIncludes bibliography. | ||
| 650 | 0 |
_aLand tenure _zIndia _zTamil Nadu. |
|
| 999 |
_c53806 _d53806 |
||